000 00472nam a22001937a 4500
003 MPLRDC
005 20220104114020.0
008 210129b ||||| |||| 00| 0 eng d
020 _a7-80039-556-1
082 _a857.6 ZGDD v.9
100 _a张抗抗
245 _a陀罗厦
_c
250 _a第二刷
260 _a
_b华艺出版社
_c1993
300 _b
490 _a中国当代著名作家新作大系
650 _a短篇小说
942 _cBK
_o857.6 ZGDD v.9
999 _c4149
_d4139